Communication Sytems / (Record no. 592642)

000 -LEADER
fixed length control field 00668nam a2200121 4500
082 ## - DEWEY DECIMAL CLASSIFICATION NUMBER
Classification number 621.382, SIN
100 ## - MAIN ENTRY--PERSONAL NAME
Personal name R P Singh
9 (RLIN) 104605
110 ## - MAIN ENTRY--CORPORATE NAME
Corporate name or jurisdiction name as entry element S D Sapre
9 (RLIN) 104606
245 ## - TITLE STATEMENT
Title Communication Sytems /
260 ## - PUBLICATION, DISTRIBUTION, ETC.
Place of publication, distribution, etc. New Delhi
Name of publisher, distributor, etc. McGraw Hill
Date of publication, distribution, etc. 2008
505 ## - FORMATTED CONTENTS NOTE
Formatted contents note Signals Analysis (Page-1), Linear Systems (Page-78), Probabilty and Random Signal Theory (Page-114), Noise (Page-166), Amplitude Modulation Systems (Page-209), Angle Modulation Systems (Page-385), Pulse Modulation Systems (Page-385), Pulse Code Modulation (Page-407), Data Transmission (Page-430), Iformation Theory (Page-452), Coding (Page-490), Advancend Communaction Systems (Page-524).
942 ## - ADDED ENTRY ELEMENTS (KOHA)
Source of classification or shelving scheme
Koha item type Book
Holdings
Withdrawn status Lost status Source of classification or shelving scheme Damaged status Not for loan Permanent Location Current Location Shelving location Date acquired Total Checkouts Full call number Barcode Date last seen Price effective from Koha item type Public note
          Military College of Signals (MCS) Military College of Signals (MCS) General Stacks 12/10/2022   621.382, SIN MCS34498 12/10/2022 12/10/2022 Book Almirah No.35, Shelf No.6
© 2023 Central Library, National University of Sciences and Technology. All Rights Reserved.